000 01084nam a2200337 a 4500
001 vtls000353407
003 NLI
005 20210602165815.0
008 110113s ii a f 000 0 eng
020 _cRs. 300.00
039 9 _a201205162212
_bjagesward
_y201101132027
_zVLOAD
040 _aNLI :
_beng
_cNLMARC21
041 0 _aeng
044 _aii
082 0 4 _a338.476674
_222
100 1 _aBhatia, S. C.
_930073
245 1 0 _aHand book of writing & printing ink industry/
_cby S. C. Bhatia
260 _aDelhi :
_bSmall Industry Research Institute,
_cn.d.
300 _a212 p. :
_bill.;
_c24 cm.
505 0 _aGlossary : p. 204 - 208
650 0 _aInk industry
_zIndia
_9518747
650 0 _aPrinting ink industry
_zIndia
_9518748
887 _aprasenjit
901 _aDB60031
_b5.9.91
902 _aE 338.476674 B 469
904 _aprasenjit
942 _2ddc
_cBKS
949 _AVIRTUAITEM
_D10012
_X100
_6DBA00060031ENG
999 _aVIRTUA40
_c308024
_d308024
999 _aVTLSSORT0080*0200*0400*0410*0440*0820*1000*2450*2600*3000*5050*6500*6501*8520*9010*9020*9040*9490*9992